Udržíme pozitívny vývoj ekonomiky? 1

Racionálne riadenie reštrukturalizačných procesov v mikroekonomike (v podnikateľských subjektoch) - predpoklad udržania a akcelerácie priaznivého makroekonomického vývoja v SR. Pozitívne príklady podnikateľského myslenia a konania: Matador, a.s. Púchov.

Salvato in:
Dettagli Bibliografici
Autore principale: Jemala, Ľubomír
Natura: Capitolo di libro
Lingua:slovacco
Soggetti:
Tags: Aggiungi Tag
Nessun Tag, puoi essere il primo ad aggiungerne!!

MARC

LEADER 00000naa a2200000 4500
001 r018510
005 20221213100009.1
041 0 |a slo 
044 |a SK 
245 1 0 |a Udržíme pozitívny vývoj ekonomiky? 1  |c Ľ. Jemala 
520 |a Racionálne riadenie reštrukturalizačných procesov v mikroekonomike (v podnikateľských subjektoch) - predpoklad udržania a akcelerácie priaznivého makroekonomického vývoja v SR. Pozitívne príklady podnikateľského myslenia a konania: Matador, a.s. Púchov. 
610 2 0 |a Slovensko 
610 2 0 |a 1988-1995 
610 2 0 |a mikroekonomika 
610 2 0 |a oživenie 
610 2 0 |a Matador, a.s. Púchov 
610 2 0 |a reštrukturalizácia 
100 1 |a Jemala, Ľubomír